Renewable energy (Record no. 76112)

MARC details
000 -LEADER
fixed length control field 00917cab a2200181 4500
001 - CONTROL NUMBER
control field ##L131483
008 - FIXED-LENGTH DATA ELEMENTS--GENERAL INFORMATION
fixed length control field 051107n2005 000 0 eng u
035 ## - SYSTEM CONTROL NUMBER
System control number (Sirsi) u131483
041 0# - LANGUAGE CODE
Language code of text/sound track or separate title eng
100 1# - MAIN ENTRY--PERSONAL NAME
Personal name Prag, Peter
245 00 - TITLE STATEMENT
Title Renewable energy
Remainder of title the key ingredient
260 3# - PUBLICATION, DISTRIBUTION, ETC.
Date of publication, distribution, etc. 2005
490 #0 - SERIES STATEMENT
Series statement Farmland Market
Volume/sequential designation (64) Autumn 2005, 10-11(2)
520 ## - SUMMARY, ETC.
Summary, etc. Asks whether renewable energy production and processes can provide an answer to the decline in farm incomes. Almost all means of creating renewable energy depend on a single factor: land. Examines wind, biomass, biogas energy sources from a land owner perspective. Gives examples of the alternative markets for UK crops as renewable energy materials. Concludes with a summary of the outlook for farmers as producers of home-grown energy.
590 ## - LOCAL NOTE (RLIN)
Local note IKA081105
690 ## - LOCAL SUBJECT ADDED ENTRY--TOPICAL TERM (OCLC, RLIN)
Topical term or geographic name as entry element ENVIRONMENTAL AND LAND CONSULTANCY-ENERGY-RENEWABLE ENERGY
942 ## - ADDED ENTRY ELEMENTS (KOHA)
Suppress in OPAC 0
Holdings
Withdrawn status Lost status Source of classification or shelving scheme Damaged status Not for loan Home library Current library Shelving location Date acquired Total Checkouts Full call number Barcode Date last seen Copy number Price effective from Koha item type
    Dewey Decimal Classification     London London Journal article 07/11/2005   L131483 131483-1001 06/08/2019 1 06/08/2019 Journal article